000 00696nam a22002177a 4500
003 UA-OsUOA
001 88952
007 ta
008 20121023b un ||||| |||| 00| 0 ukr d
100 _aЯковенко Т.
090 _a82
_bЯ47
942 _cSA
040 _aUA-OsUOA
_bukr
_cUA-OsUOA
_dUA-OsUOA
245 _aБогуславське Надросся в житті та творах Івана Нечуя-Левицького
300 _aС.13-18
955 _a0
041 _aukr
080 _a82
773 0 _w88950
_tУкраїнська мова і література в школі
_dК.
_d2012
_g10
650 7 _a82 Література. Літературознавство
_2UDC
999 _c375212
_d375212